| 000 | 02050nam1a22003131i 4500 | ||
|---|---|---|---|
| 001 | v19\rc\1573265 | ||
| 005 | 20260407010414.0 | ||
| 035 | _a(NLR Aleph) 004701914 | ||
| 090 |
_a4079589 _c4079589 |
||
| 100 | _a20061002g18921916|||y0rusy50 ca | ||
| 101 | 0 | _arus | |
| 102 | _aRU | ||
| 105 | _ay z ||||| | ||
| 200 | 1 | _aОтчет Физико-математического общества при Императорском Казанском университете... | |
| 210 |
_aКазань _d1892-1916 |
||
| 215 | _d25 | ||
| 300 | _aЗагл. отчетов за 1-3 гг. существования: Отчет о деятельности Физико-математического общества при Императорском Казанском университете; 4-5 гг.: Отчет о составе и деятельности Физико-математического общества при Императорском Казанском университете | ||
| 300 | _aПечатается также в Известиях Физико-математического общества при Казанском университете. Ш. П8/98 | ||
| 309 | _aОтчеты за 1890-1892, 1894-1895, 1899 гг. без тит. л. и обл. | ||
| 517 | 0 | _aОтчет о деятельности Физико-математического общества при Императорском Казанском университете | |
| 517 | 0 | _aОтчет о составе и деятельности Физико-математического общества при Императорском Казанском университете | |
| 710 | 0 | 2 |
_aФизико-математическое общество _cКазань, до 1917 г. _9492371 _3RU\NLR\AUTH\889997565 |
| 801 | 0 |
_aRU _bNLR _gpsbo |
|
| 801 | 0 |
_aRU _bRuMoRGB _2psbo |
|
| 801 | 1 |
_aRU _bProSoft-M _2rusmarc |
|
| 852 |
_aNLR _j18.188.5.134 |
||
| 899 |
_aRuMoRGB (1890-1916*) _jA 199/211 |
||
| 899 | _aБАН (1892-1915*) | ||
| 942 | _cBOOK | ||